[Event "Year 2016"]
[Site "SchemingMind.com"]
[Date "2016.02.07"]
[Round "-"]
[White "Wojtek26"]
[Black "Black Knight"]
[Result "1-0"]
[WhiteCountry "POL"]
[BlackCountry "USA"]
[WhiteElo "1578"]
[WhiteRD "50"]
[BlackElo "1422"]
[BlackRD "62"]
[GameID "395145"]

1. d4 d5 2. c4 Nf6 3. e3 c6 4. Nf3 e6 5. Bd3 g6 6. O-O Bg7 7. c5 O-O 8. Nc3 Ne4 9. Nxe4 dxe4 10. Bxe4 Nd7
11. a3 f5 12. Bc2 b5 13. cxb6 Ba6 14. Re1 axb6 15. Bd3 Bxd3 16. Qxd3 c5 17. dxc5 Nxc5 18. Qxd8 Rfxd8 19. Rb1 Nd3 20. Rd1 Nxc1
21. Rdxc1 Rac8 22. b3 Rxc1+ 23. Rxc1 Bb2 24. Rb1= h6 25. a4 g5 26. g3 g4 27. Rxb2 Rd1+ 28. Kg2 Rd6 29. Nd4 Rd5 30. Nxe6 Kf7
31. Nf4 Rd6 32. b4 Kf6 33. a5 Ke5 34. a6 b5 35. Ra2 Ke4 36. a7 Rd8 37. a8=Q+ Rxa8 38. Rxa8 h5 39. Rd8 h4 40. gxh4 g3
41. hxg3 Ke5 42. h5 Kf6 43. h6
1-0

[Event "Year 2016"]
[Site "SchemingMind.com"]
[Date "2016.02.09"]
[Round "-"]
[White "emvarela"]
[Black "Black Knight"]
[Result "1-0"]
[WhiteCountry "ARG"]
[BlackCountry "USA"]
[WhiteElo "1680"]
[WhiteRD "49"]
[BlackElo "1438"]
[BlackRD "64"]
[GameID "395146"]

1. e4 e5 2. Nf3 Nc6 3. d4 Nxd4 4. Nxd4 exd4 5. Qxd4 Be7 6. Nc3 d6 7. Be3 Nf6 8. Be2 c5 9. Qd2 O-O 10. O-O-O a6
11. f4 Ng4 12. h3 Nxe3 13. Qxe3 b5 14. Nd5 Bb7 15. Nxe7+ Qxe7 16. Bf3 Rae8 17. Rhe1 Qd7 18. e5 Bxf3 19. Rxd6 Qb7 20. gxf3 f5
21. e6 Re7 22. Qxc5 Rc8 23. Qxf5 Rf8 24. Qe4 Qc7 25. Red1 Rc8 26. Rd7 Rxd7 27. exd7 Rd8 28. Qe8+
1-0

[Event "Year 2016"]
[Site "SchemingMind.com"]
[Date "2016.02.08"]
[Round "-"]
[White "emvarela"]
[Black "Wojtek26"]
[Result "0-1"]
[WhiteCountry "ARG"]
[BlackCountry "POL"]
[WhiteElo "1680"]
[WhiteRD "49"]
[BlackElo "1571"]
[BlackRD "49"]
[GameID "395147"]

1. e4 e5 2. Nf3 Nf6 3. d4 exd4 4. e5 Ng8 5. Nxd4 Bc5 6. Be3 d6 7. c3 dxe5 8. Nb3 Qxd1+ 9. Kxd1 Bxe3 10. fxe3 Bg4+
11. Be2 Bxe2+ 12. Kxe2 Nc6 13. N1d2 Nf6 14. h3 O-O 15. Rad1 Ne7 16. Nf3 Nc6 17. Nbd2 Rfd8 18. Ng5 h6 19. Nge4 Nxe4 20. Nxe4 b6
21. b4 f6 22. Rxd8+ Rxd8 23. a4 a6 24. Ng3 Kf7 25. Nf5 Ne7 26. Nxe7 Kxe7 27. g4 Ke6 28. c4 Rd7 29. Rd1 Rxd1 30. Kxd1 f5
31. Ke2 e4 32. gxf5+ Kxf5 33. Kf2 Kg5 34. Kg3 c6 35. h4+ Kf5 36. Kh3 g5 37. b5 cxb5 38. cxb5 axb5 39. axb5 h5 40. Kg3 g4
41. Kf2 Ke5 42. Kg3 Kd5 43. Kf4 Kc5 44. Kxe4 Kxb5 45. Kf4 Kc5 46. e4 Kd6
0-1

[Event "Year 2016"]
[Site "SchemingMind.com"]
[Date "2016.02.20"]
[Round "-"]
[White "Black Knight"]
[Black "kenneth m day"]
[Result "1-0"]
[WhiteCountry "USA"]
[BlackCountry "USA"]
[WhiteElo "1414"]
[WhiteRD "64"]
[BlackElo "1674"]
[BlackRD "52"]
[GameID "395449"]

1. e4 e5 2. Nf3 Nc6 3. Bb5 f5 4. Bxc6 dxc6 5. Nxe5 Nf6 6. Nc3 Bd6 7. d4 O-O 8. Bg5 Be7 9. Bxf6 Bxf6 10. O-O fxe4
11. Nxe4 Bf5 12. Nxf6+ gxf6 13. Ng4 Kh8 14. c3 Rg8 15. Ne3 Be6 16. Qe2 Qd7 17. g3 Rae8 18. Qd2 Bh3 19. Rfe1 c5 20. d5 Qf7
21. Ng2 Re5 22. Nf4 Bg4 23. Ne6 Bxe6 24. dxe6 Qxe6 25. Rxe5 Qxe5 26. Re1 Qd6 27. Qe2 a6 28. Qe6 Qd2 29. Qxf6+ Rg7 30. Re8#
1-0

[Event "Year 2016"]
[Site "SchemingMind.com"]
[Date "2016.02.17"]
[Round "-"]
[White "emvarela"]
[Black "kenneth m day"]
[Result "0-1"]
[WhiteCountry "ARG"]
[BlackCountry "USA"]
[WhiteElo "1680"]
[WhiteRD "49"]
[BlackElo "1699"]
[BlackRD "51"]
[GameID "395450"]

1. e4 e5 2. Nf3 Nc6 3. d4 exd4 4. c3 d5 5. exd5 Qxd5 6. Nxd4 Nf6 7. Qe2+ Be7 8. Nxc6 Qxc6 9. f3 Be6 10. Qb5 Qxb5
11. Bxb5+ c6 12. Be2 Bc5 13. b4 Bb6 14. Nd2 Nd5 15. Ne4 O-O-O 16. Bd2 Ne3 17. Bxe3 Bxe3 18. Rd1 Bxa2 19. Nd6+ Kc7 20. Nxf7 Rxd1+
21. Kxd1 Bxf7
0-1

[Event "Year 2016"]
[Site "SchemingMind.com"]
[Date "2016.02.15"]
[Round "-"]
[White "Wojtek26"]
[Black "kenneth m day"]
[Result "0-1"]
[WhiteCountry "POL"]
[BlackCountry "USA"]
[WhiteElo "1571"]
[WhiteRD "49"]
[BlackElo "1699"]
[BlackRD "51"]
[GameID "395451"]

1. d4 d5 2. c4 Nc6 3. e3 Nf6 4. Nf3 Bg4 5. Be2 e6 6. c5 Be7 7. O-O O-O 8. a3 b6 9. b4 bxc5 10. bxc5 e5
11. h3 Bh5 12. Nc3 exd4 13. exd4 Re8 14. Nb5 Bf8 15. Bg5 Be7 16. Ne5 Bxe2 17. Qxe2 Nxe5 18. Qxe5 Nd7 19. Bxe7 Rxe7 20. Qxc7 Nf6
21. Qg3 Ne4 22. Qf4 Rb8 23. Nxa7 Rxa7 24. f3 Nf6 25. a4 Rba8 26. Rfb1 Nd7 27. Re1 g5 28. Qg4 h6 29. Re2 Rxa4 30. Rae1 Ra1
31. Kf2 Rxe1 32. Rxe1 Nf6 33. Qf5 Kg7 34. Rh1 Ra2+ 35. Kg3 Qc7+ 36. f4 gxf4+ 37. Kf3 Qe7 38. Qe5 Qxe5 39. dxe5 Nd7 40. e6 fxe6
41. c6 Ne5+ 42. Kxf4 Nxc6 43. Rb1 Rxg2 44. Rb6 Rc2 45. Ke3 Kf6 46. Rb1 Rc3+ 47. Ke2 Rxh3
0-1

[Event "Year 2016"]
[Site "SchemingMind.com"]
[Date "2016.02.16"]
[Round "-"]
[White "Chessibelle"]
[Black "emvarela"]
[Result "0-1"]
[WhiteCountry "ENG"]
[BlackCountry "ARG"]
[WhiteElo "1135"]
[WhiteRD "61"]
[BlackElo "1658"]
[BlackRD "48"]
[GameID "395463"]

1. Nf3 d5 2. d4 Nc6 3. e3 Nf6 4. Nc3 Bg4 5. Be2 e6 6. O-O Bxf3 7. Bxf3 Be7 8. b3 O-O 9. g3 a6 10. Bd2 b5
11. e4 dxe4 12. Nxe4 Nxe4 13. Bxe4 Qd7 14. Qg4 f5 15. Qf4 fxe4 16. Qxe4 Qd5 17. Qg4 Nxd4 18. Bh6 Nf3+ 19. Kg2 Nh4+
0-1

[Event "Year 2016"]
[Site "SchemingMind.com"]
[Date "2016.02.15"]
[Round "-"]
[White "kenneth m day"]
[Black "Chessibelle"]
[Result "1-0"]
[WhiteCountry "USA"]
[BlackCountry "ENG"]
[WhiteElo "1702"]
[WhiteRD "51"]
[BlackElo "1199"]
[BlackRD "61"]
[GameID "395464"]

1. e4 e5 2. f4 Nc6 3. Nf3 d6 4. Nc3 Nf6 5. Be2 Be7 6. fxe5 dxe5 7. O-O O-O 8. d3 Qd7 9. Bg5 Qd6 10. Nd5 Nxd5
11. exd5 Qxd5 12. Bxe7 Nxe7 13. Ng5 b6 14. Bf3 e4 15. Nxe4 Rb8 16. Nf6+ gxf6 17. Bxd5
1-0

[Event "Year 2016"]
[Site "SchemingMind.com"]
[Date "2016.02.19"]
[Round "-"]
[White "Black Knight"]
[Black "Chessibelle"]
[Result "1-0"]
[WhiteCountry "USA"]
[BlackCountry "ENG"]
[WhiteElo "1422"]
[WhiteRD "62"]
[BlackElo "1175"]
[BlackRD "62"]
[GameID "395465"]

1. e4 e5 2. Nf3 Nc6 3. Nc3 Nf6 4. Bb5 Be7 5. O-O O-O 6. Bxc6 dxc6 7. d3 Bg4 8. h3 Be6 9. Be3 Nh5 10. Nxe5 g6
11. d4 f6 12. Nd3 Bd6 13. Ne2 f5 14. e5 Be7 15. Nef4 Bg5 16. Re1 b6 17. Nxe6 Qe7 18. Nxf8 Rxf8 19. Bxg5 Qxg5 20. e6 f4
21. Re5 Qf6 22. Re3 Qxd4 23. e7 Re8 24. Re5 Kf7 25. Qe2 Ng3 26. Qf3 c5 27. c3 Qd6 28. fxg3 c4 29. Qd5+ Kg7 30. Qxd6 cxd6
31. Re6 cxd3 32. Rd1 Kf7 33. Rxd6 Rxe7 34. R1xd3 Re1+ 35. Kf2 Rb1 36. Rd7+ Kf6 37. R7d6+ Kg7 38. gxf4 Kh6 39. b4 Rb2+ 40. Rd2 Rb1
41. g4 Rh1 42. Kg2 Re1 43. Rd7 Re4 44. Rf2 Rc4 45. Rd6 Rxc3 46. f5 Kg5 47. Rf3 Rc2+ 48. Kg3 Rxa2 49. h4+ Kh6 50. fxg6 hxg6
51. g5+ Kh5 52. Rff6 Ra3+ 53. Kf2 Kxh4 54. Rf3 Ra2+ 55. Ke3 Kxg5 56. Rff6 Ra3+ 57. Kd4 Ra4 58. Rxg6+ Kf5 59. Rgf6+ Kg4 60. Kc4 Ra6
61. Rg6+ Kf5 62. Rde6
1-0

[Event "Year 2016"]
[Site "SchemingMind.com"]
[Date "2016.02.15"]
[Round "-"]
[White "Wojtek26"]
[Black "Chessibelle"]
[Result "1-0"]
[WhiteCountry "POL"]
[BlackCountry "ENG"]
[WhiteElo "1540"]
[WhiteRD "62"]
[BlackElo "1199"]
[BlackRD "61"]
[GameID "395466"]

1. d4 d5 2. c4 Nf6 3. e3 e6 4. Nf3 Nc6 5. Be2 Be7 6. O-O O-O 7. c5 b6 8. cxb6 cxb6 9. Qc2 Qd6 10. b3 Bd8
11. Nc3 Bc7 12. Bd3 g6 13. Nb5 Qd7 14. e4 e5 15. exd5 Nxd5 16. Nxc7 Nxc7 17. Bh6 Re8 18. dxe5 Nd4 19. Nxd4 Qxd4 20. Bxg6 fxg6
21. Qxc7 Qd7 22. Qxd7 Bxd7 23. Rfe1 Bc6 24. e6 Red8 25. e7 Rd5 26. Rac1 Bb5 27. a4 Bd3 28. e8=Q+
1-0

[Event "Year 2016"]
[Site "SchemingMind.com"]
[Date "2016.02.22"]
[Round "-"]
[White "Simon Green"]
[Black "emvarela"]
[Result "1-0"]
[WhiteCountry "ENG"]
[BlackCountry "ARG"]
[WhiteElo "1621"]
[WhiteRD "55"]
[BlackElo "1680"]
[BlackRD "49"]
[GameID "395588"]

1. d4 Nf6 2. e3 d5 3. Bd3 e6 4. f4 c5 5. c3 cxd4 6. exd4 Bd6 7. Nf3 Qc7 8. O-O Nc6 9. Ne5 Bxe5 10. fxe5 Nd7
11. Qf3 Nf8 12. Be3 Ng6 13. Nd2 Nd8 14. Bxg6 hxg6 15. Bg5 O-O 16. Qh3 f5 17. exf6 gxf6 18. Bxf6 Qh7 19. Bxd8 Rxd8 20. Qxh7+ Kxh7
21. Rf7+ Kg8 22. Raf1 Bd7 23. Re7 Be8 24. Rxe6 Bf7 25. Re7 Rf8 26. Rxb7 a6 27. Rf4 Be6 28. Rxf8+ Kxf8 29. Nf3 Bf5 30. Ne5 Re8
31. Rb6 Re6 32. Rxe6 Bxe6 33. Nxg6+ Kf7 34. Ne5+ Kf6 35. Kf2 a5 36. a3 Kf5 37. b4 axb4 38. axb4
1-0

[Event "Year 2016"]
[Site "SchemingMind.com"]
[Date "2016.02.22"]
[Round "-"]
[White "kenneth m day"]
[Black "Simon Green"]
[Result "1-0"]
[WhiteCountry "USA"]
[BlackCountry "ENG"]
[WhiteElo "1701"]
[WhiteRD "52"]
[BlackElo "1616"]
[BlackRD "56"]
[GameID "395589"]

1. e4 e6 2. d4 d5 3. Nd2 Nf6 4. e5 Nfd7 5. Bd3 c5 6. c3 c4 7. Bc2 Be7 8. Ndf3 O-O 9. h4 Nc6 10. Bg5 f6
11. exf6 Nxf6 12. Ne5 Nxe5 13. dxe5 Ne4 14. Bxe4 Bxg5 15. Bxh7+ Kxh7 16. hxg5+ Kg8 17. Qh5
1-0

[Event "Year 2016"]
[Site "SchemingMind.com"]
[Date "2016.02.22"]
[Round "-"]
[White "Black Knight"]
[Black "Simon Green"]
[Result "0-1"]
[WhiteCountry "USA"]
[BlackCountry "ENG"]
[WhiteElo "1414"]
[WhiteRD "64"]
[BlackElo "1617"]
[BlackRD "56"]
[GameID "395590"]

1. e4 e6 2. d4 d5 3. e5 c5 4. Bb5+ Nc6 5. Nf3 Bd7 6. Bxc6 Bxc6 7. O-O Qb6 8. Nc3 cxd4 9. Qxd4 Bc5 10. Qd2 d4
11. Ne4 Bxe4 12. Re1 Bxf3 13. gxf3 Ne7 14. a3 O-O 15. b4 Nd5 16. bxc5 Qxc5 17. Bb2 Nc3 18. Bxc3 Qxc3 19. Qxc3 dxc3 20. Rab1 b6
21. Rb3 Rfc8 22. Re3 g6 23. Rbxc3 Rd8 24. Rcd3 Rdc8 25. Rc3 Rd8 26. Red3 Rac8 27. Rxc8 Rxc8 28. c3 Kf8 29. Rd7 a5 30. Rb7 Rxc3
31. Rxb6 Rxa3 32. Rb8+ Kg7 33. Ra8 Rxf3 34. Rxa5 Rf5 35. Ra3 Rxe5 36. Re3 Rxe3 37. fxe3 Kf6 38. Kf2 Ke5 39. Kf3 f5 40. h4 h6
0-1

[Event "Year 2016"]
[Site "SchemingMind.com"]
[Date "2016.02.22"]
[Round "-"]
[White "Simon Green"]
[Black "Chessibelle"]
[Result "1-0"]
[WhiteCountry "ENG"]
[BlackCountry "ENG"]
[WhiteElo "1616"]
[WhiteRD "56"]
[BlackElo "1175"]
[BlackRD "62"]
[GameID "395591"]

1. d4 d5 2. e3 Nf6 3. Bd3 Nc6 4. c3 e6 5. f4 g6 6. Nf3 Be7 7. O-O O-O 8. Nbd2 a6 9. Qe1 b5 10. Ne5 Bb7
11. Nxc6 Bxc6 12. Nf3 Bd6 13. Ne5 Bb7 14. b4 Ng4 15. Nxg4 f5 16. Ne5 Qe7 17. Qg3 Rf6 18. Qg5 Kg7 19. a4 c6 20. h4 Kf8
21. Qh6+ Kg8 22. h5 Kh8 23. Nxg6+ Rxg6 24. hxg6 Rg8 25. Kf2 Qf6 26. Qxh7#
1-0

[Event "Year 2016"]
[Site "SchemingMind.com"]
[Date "2016.02.22"]
[Round "-"]
[White "Wojtek26"]
[Black "Simon Green"]
[Result "0-1"]
[WhiteCountry "POL"]
[BlackCountry "ENG"]
[WhiteElo "1578"]
[WhiteRD "50"]
[BlackElo "1616"]
[BlackRD "56"]
[GameID "395592"]

1. d4 e6 2. c4 d5 3. e3 Nf6 4. Nf3 Bb4+ 5. Bd2 Bxd2+ 6. Nbxd2 c6 7. Be2 O-O 8. O-O Nbd7 9. c5 b5 10. b4 a5
11. a3 a4 12. Ne5 Nxe5 13. dxe5 Nd7 14. f4 f5 15. Nf3 h6 16. g3 Qc7 17. Nh4 g5 18. Ng6 Rf7 19. fxg5 hxg5 20. Bh5 Rh7
21. Rf2 Nf8 22. Nxf8 Kxf8 23. g4 Qxe5 24. Bg6 Rh6 25. gxf5 exf5 26. Bxf5 Bxf5 27. Qf1 Rf6 28. Qe2 Kg7 29. Raf1 Raf8 30. Qd2 Bh3
31. Rxf6 Rxf6 32. Rxf6 Qxf6 33. Qd4 Qxd4 34. exd4 Kf6 35. Kf2 Kf5 36. Kg3 g4
0-1

[Event "Year 2016"]
[Site "SchemingMind.com"]
[Date "2016.03.04"]
[Round "-"]
[White "Scooter"]
[Black "emvarela"]
[Result "1-0"]
[WhiteCountry "USA"]
[BlackCountry "ARG"]
[WhiteElo "1710"]
[WhiteRD "48"]
[BlackElo "1658"]
[BlackRD "48"]
[GameID "396029"]

1. d4 d5 2. Nf3 Nf6 3. Bf4 e6 4. e3 Bd6 5. Bxd6 Qxd6 6. c3 Nbd7 7. Be2 O-O 8. O-O c5 9. Nbd2 c4 10. Qc2 b5
11. e4 dxe4 12. Nxe4 Nxe4 13. Qxe4 Nb6 14. Ng5 Bd7 15. Qxh7#
1-0

[Event "Year 2016"]
[Site "SchemingMind.com"]
[Date "2016.02.28"]
[Round "-"]
[White "Black Knight"]
[Black "Scooter"]
[Result "0-1"]
[WhiteCountry "USA"]
[BlackCountry "USA"]
[WhiteElo "1422"]
[WhiteRD "62"]
[BlackElo "1712"]
[BlackRD "48"]
[GameID "396030"]

1. e4 c6 2. d4 d5 3. e5 Bf5 4. Bd3 Bxd3 5. Qxd3 e6 6. Nf3 Nd7 7. O-O c5 8. Nc3 cxd4 9. Nxd4 Nxe5 10. Qb5+ Qd7
11. Qxd7+ Kxd7 12. Re1 Nc6 13. Nxc6 bxc6 14. Bf4 Bb4 15. Bd2 Nf6 16. a3 Bd6 17. Bg5 Rab8 18. Bxf6 gxf6 19. Rad1 Rxb2 20. Re2 Bxa3
21. Na4 Rb4 22. Nc5+ Ke7 23. c3 Rc4 24. Na6 Rxc3 25. Re3 Rxe3 26. fxe3 c5 27. Ra1 Bb2 28. Rb1 Be5 29. Nxc5 Kd6 30. Nb7+ Ke7
31. Nc5 Rc8 32. Rb7+ Rc7 33. Rxc7+ Bxc7 34. Na6 Bb6 35. Kf2 f5 36. Ke2 h5 37. h4 e5 38. Nb4 Kd6 39. Nc2 a5 40. Na3 Bc5
41. Nb5+ Kc6 42. Nc3 d4 43. Na4 dxe3
0-1

[Event "Year 2016"]
[Site "SchemingMind.com"]
[Date "2016.02.28"]
[Round "-"]
[White "kenneth m day"]
[Black "Scooter"]
[Result "0-1"]
[WhiteCountry "USA"]
[BlackCountry "USA"]
[WhiteElo "1699"]
[WhiteRD "51"]
[BlackElo "1731"]
[BlackRD "47"]
[GameID "396031"]

1. e4 c6 2. c4 d5 3. cxd5 cxd5 4. exd5 Qxd5 5. Nc3 Qd8 6. d4 Nf6 7. Bc4 e6 8. Nf3 Nbd7 9. O-O Be7 10. Re1 O-O
11. Bf4 Nb6 12. Bb3 Nbd5 13. Nxd5 Nxd5 14. Bxd5 Qxd5 15. Re5 Qd7 16. Qd3 Bd6 17. Re4 Bxf4 18. Rxf4 f6 19. Rd1 Rd8 20. Rh4 g6
21. h3 b6 22. Qe4 Bb7 23. Qf4 g5 24. Nxg5 fxg5 25. Qxg5+ Qg7 26. Rg4 Qxg5 27. Rxg5+ Kf7 28. Rc1 Rac8 29. Rd1 Rg8 30. Rxg8 Rxg8
31. g4 h5 32. Rd3 hxg4 33. hxg4 Rxg4+ 34. Rg3 Rxg3+ 35. fxg3 Kg6 36. Kh2 Kf5 37. Kh3 Ke4 38. g4 Kxd4
0-1

[Event "Year 2016"]
[Site "SchemingMind.com"]
[Date "2016.02.29"]
[Round "-"]
[White "Simon Green"]
[Black "Scooter"]
[Result "0-1"]
[WhiteCountry "ENG"]
[BlackCountry "USA"]
[WhiteElo "1616"]
[WhiteRD "56"]
[BlackElo "1712"]
[BlackRD "48"]
[GameID "396032"]

1. d4 Nf6 2. e3 g6 3. Bd3 Bg7 4. f4 O-O 5. Nf3 b6 6. O-O Bb7 7. Nbd2 d6 8. Qe1 Nbd7 9. c3 Re8 10. Qg3 Nh5
11. Qf2 Bxf3 12. Qxf3 e5 13. fxe5 dxe5 14. Be4 Rb8 15. Bc6 Re7 16. Bxd7 Qxd7 17. Ne4 Rbe8 18. g4 f5 19. gxf5 gxf5 20. Qxf5 Qxf5
21. Rxf5 exd4 22. Ng3 Nxg3 23. hxg3 dxe3 24. Kf1 e2+ 25. Ke1 Rd7 26. Bf4 Red8
0-1

[Event "Year 2016"]
[Site "SchemingMind.com"]
[Date "2016.02.28"]
[Round "-"]
[White "Chessibelle"]
[Black "Scooter"]
[Result "0-1"]
[WhiteCountry "ENG"]
[BlackCountry "USA"]
[WhiteElo "1175"]
[WhiteRD "62"]
[BlackElo "1712"]
[BlackRD "48"]
[GameID "396033"]

1. Nf3 Nf6 2. d4 g6 3. Nc3 Bg7 4. e3 O-O 5. Be2 d6 6. O-O Bg4 7. b4 Nbd7 8. Bb2 Re8 9. h3 Bxf3 10. Bxf3 c6
11. Qd3 e5 12. g4 d5 13. Ne2 e4 14. Bxe4 Nxe4 15. f3 Nd6 16. Nc3 Nb6 17. f4 Nbc4 18. Bc1 Ne4 19. Rf3 Qh4 20. Kh2 Nf2
21. Qf1 Nxg4+ 22. Kg2 Ngxe3+ 23. Bxe3 Rxe3 24. Ne2 Nd2 25. Qc1 Rxf3
0-1

[Event "Year 2016"]
[Site "SchemingMind.com"]
[Date "2016.02.28"]
[Round "-"]
[White "Scooter"]
[Black "Wojtek26"]
[Result "1-0"]
[WhiteCountry "USA"]
[BlackCountry "POL"]
[WhiteElo "1712"]
[WhiteRD "48"]
[BlackElo "1578"]
[BlackRD "50"]
[GameID "396034"]

1. d4 d5 2. Nf3 Nf6 3. Bf4 e6 4. e3 Bb4+ 5. c3 Bd6 6. Bxd6 Qxd6 7. Bd3 O-O 8. O-O Nbd7 9. Nbd2 c5 10. dxc5 Nxc5
11. Qe2 Nxd3 12. Qxd3 b6 13. Rfd1 a5 14. c4 Ba6 15. b3 Rfd8 16. Qc3 Qc5 17. Rac1 dxc4 18. bxc4 Rd7 19. Nb3 Rxd1+ 20. Rxd1 Qxc4
21. Qd2 h6 22. Ne5 Qb5 23. Qd6 Ne4 24. Qc7 Rf8 25. f3 Nf2 26. Nd4 Qb2 27. Rc1 Rc8 28. Qxf7+ Kh7 29. Qg6+ Kg8 30. Qxe6+ Kh7
31. Qf5+ Kg8 32. Rxc8+ Bxc8 33. Qxc8+ Kh7 34. Qc2+
1-0

[Event "Year 2016"]
[Site "SchemingMind.com"]
[Date "2016.03.05"]
[Round "-"]
[White "emvarela"]
[Black "Phillip Beckett"]
[Result "1-0"]
[WhiteCountry "ARG"]
[BlackCountry "ENG"]
[WhiteElo "1652"]
[WhiteRD "47"]
[BlackElo "1549"]
[BlackRD "52"]
[GameID "396112"]

1. e4 e5 2. Nf3 Nc6 3. Bb5 a6 4. Bxc6 dxc6 5. O-O Qd6 6. d3 Bg4 7. h3 Bh5 8. g4 Bg6 9. Nc3 h5 10. g5 f6
11. h4 Be7 12. Ne2 O-O-O 13. a3 fxg5 14. Bxg5 Nf6 15. Bxf6 Qxf6 16. Ng3 Rdf8 17. Kg2 Be8 18. Rh1 Bd7 19. Qd2 Bg4 20. Nh2 Bf3+
21. Nxf3 Qxf3+ 22. Kg1 g5 23. Nf5 Qg4+ 24. Kf1 Bd8 25. Qe2 Qxe2+ 26. Kxe2 gxh4 27. Nxh4 Rhg8 28. Nf5 Rg4 29. Rxh5 Rfg8 30. Rah1 Rg2
31. Ne3 R2g5 32. Rh8 R5g7 33. Rxg8 Rxg8 34. Rh5 Bf6 35. Rf5 Bh8 36. c3 Re8 37. Ng4 b6 38. Ke3 Kd7 39. Nf6+ Bxf6 40. Rxf6 Re6
41. Rxe6 Kxe6 42. f4 exf4+ 43. Kxf4 c5 44. c4 c6 45. e5 b5 46. Ke4 a5 47. cxb5 cxb5 48. d4 b4 49. dxc5
1-0

[Event "Year 2016"]
[Site "SchemingMind.com"]
[Date "2016.03.01"]
[Round "-"]
[White "Phillip Beckett"]
[Black "Black Knight"]
[Result "1-0"]
[WhiteCountry "ENG"]
[BlackCountry "USA"]
[WhiteElo "1577"]
[WhiteRD "47"]
[BlackElo "1422"]
[BlackRD "62"]
[GameID "396113"]

1. e4 e5 2. Nf3 Nc6 3. Bb5 Nf6 4. d3 Be7 5. Bxc6 dxc6 6. Nxe5 Bd6 7. Nf3 Bg4 8. h3 Bxf3 9. Qxf3 Be5 10. c3 c5
11. O-O O-O 12. Bg5 h6 13. Bh4 Qd6 14. Nd2 g5 15. Bg3 Bxg3 16. fxg3 Rad8 17. Qxf6 Qxf6 18. Rxf6 Rd6 19. Raf1 Kg7 20. Rxd6 cxd6
21. Nf3 f6 22. Nh2 h5 23. g4 h4 24. Rf5 Kg6 25. Nf1 Re8 26. Ne3 Re5 27. Nd5 Rxf5 28. gxf5+ Kf7 29. Kf2 a5 30. Kf3 b5
31. Nc7 b4 32. Kg4 b3 33. axb3
1-0

[Event "Year 2016"]
[Site "SchemingMind.com"]
[Date "2016.02.29"]
[Round "-"]
[White "Phillip Beckett"]
[Black "Scooter"]
[Result "1/2-1/2"]
[WhiteCountry "ENG"]
[BlackCountry "USA"]
[WhiteElo "1577"]
[WhiteRD "47"]
[BlackElo "1712"]
[BlackRD "48"]
[GameID "396114"]

1. e4 c6 2. d4 d5 3. Nc3 dxe4 4. Nxe4 Bf5 5. Ng3 Bg6 6. Nf3 Nd7 7. c3 Qc7 8. Bd3 Bxd3 9. Qxd3 O-O-O 10. Bg5 h6
11. Be3 Ngf6 12. O-O-O e6 13. Qd2 Bd6 14. Kb1 Ng4 15. Ne4 Nxe3 16. Nxd6+ Qxd6 17. Qxe3 Kb8 18. Rhe1 Nf6 19. Qe5 Qxe5 20. Nxe5 Rhf8
21. Nf3 Ng4 22. Ne5 Nxe5 23. Rxe5 Rd5 24. Rde1 Rfd8 25. Kc2= b6 26. Rxd5 Rxd5 27. Re5 Kc7 28. Rxd5 cxd5 29. Kb3 a5 30. Ka4 Kc6
31. b4 axb4 32. Kxb4 f6 33. a4 g5 34. c4 dxc4 35. Kxc4 h5 36. f3 f5 37. g3 h4 38. Kb4 h3 39. Kc4 Kc7 40. Kb5 Kb7
41. Kc4=
1/2-1/2

[Event "Year 2016"]
[Site "SchemingMind.com"]
[Date "2016.03.01"]
[Round "-"]
[White "Phillip Beckett"]
[Black "kenneth m day"]
[Result "1/2-1/2"]
[WhiteCountry "ENG"]
[BlackCountry "USA"]
[WhiteElo "1556"]
[WhiteRD "49"]
[BlackElo "1699"]
[BlackRD "51"]
[GameID "396115"]

1. e4 e5 2. Nf3 Nc6 3. Bb5 f5 4. Bxc6 dxc6 5. d4 fxe4 6. Nxe5 Nf6 7. Bg5 Be7 8. O-O O-O 9. c3 Bf5 10. Nd2 Nd7
11. Qb3+ Kh8 12. Nf7+ Rxf7 13. Qxf7 Bxg5 14. Qxf5 Bxd2 15. Qxe4 Nf6 16. Qd3 Bf4 17. Rae1 Qd7 18. Re2 Re8 19. Rxe8+ Qxe8 20. Qf3 Bd6
21. Qd1 g5 22. Re1 Qf7 23. Qe2 h5 24. Qe6 Qg7 25. Qc8+ Qg8 26. Qf5 Qg7 27. Qc8+ Kh7 28. Qf5+ Kh6 29. Re6 Be7 30. Qe5 Bd8
31. f4 gxf4 32. Qxf4+ Qg5 33. Qxg5+ Kxg5 34. Kf2 Kf5 35. Re1 Nd5 36. g3 Bg5 37. h4 Bf6 38. Kf3 Be7 39. Re4 Bd6 40. Re8 Nf6
41. Re2 Ng4 42. Re8 Nf6 43. Re1 Nd5 44. Re4 Nf6 45. Re1 Ng4=
1/2-1/2

[Event "Year 2016"]
[Site "SchemingMind.com"]
[Date "2016.03.03"]
[Round "-"]
[White "Phillip Beckett"]
[Black "Simon Green"]
[Result "1/2-1/2"]
[WhiteCountry "ENG"]
[BlackCountry "ENG"]
[WhiteElo "1577"]
[WhiteRD "47"]
[BlackElo "1616"]
[BlackRD "56"]
[GameID "396116"]

1. e4 e6 2. d4 d5 3. Nd2 Nf6 4. e5 Nfd7 5. f4 c5 6. c3 c4 7. Ndf3 Be7 8. Ne2 f5 9. g3 O-O 10. Bg2 Nc6
11. O-O Qe8 12. Kh1 h6 13. Neg1 b5 14. h4 h5 15. Nh3 g6 16. Nhg5 Bxg5 17. Nxg5 Kg7 18. Bh3 a5 19. a3 a4 20. Be3 Nd8
21. Kg2 Nf7 22. Nf3 Nh6 23. Ng5 Nf7 24. Nf3=
1/2-1/2

[Event "Year 2016"]
[Site "SchemingMind.com"]
[Date "2016.02.29"]
[Round "-"]
[White "Phillip Beckett"]
[Black "Chessibelle"]
[Result "1-0"]
[WhiteCountry "ENG"]
[BlackCountry "ENG"]
[WhiteElo "1577"]
[WhiteRD "47"]
[BlackElo "1175"]
[BlackRD "62"]
[GameID "396117"]

1. e4 e5 2. Nf3 Nc6 3. Bb5 h6 4. Bxc6 dxc6 5. d4 f6 6. O-O g5 7. dxe5 Be7 8. exf6 Nxf6 9. Qxd8+ Bxd8 10. e5 Nd5
11. Nc3 Bf5 12. Nxd5 cxd5 13. c3 b5 14. Be3 g4 15. Nd4 Be4 16. Nxb5 c6 17. Nd6+ Ke7 18. Bd4 Bg6 19. f3 Rb8 20. b3 Bc7
21. fxg4 Kd7 22. Rf6 Bd3 23. Rf7+ Ke6 24. Rxc7 Rbf8 25. Nf5 Rfg8 26. Rxc6+ Kf7 27. Nxh6+ Kg7 28. Nxg8 Rxg8 29. e6+ Kf8 30. Rc8+
1-0

[Event "Year 2016"]
[Site "SchemingMind.com"]
[Date "2016.02.29"]
[Round "-"]
[White "Wojtek26"]
[Black "Phillip Beckett"]
[Result "0-1"]
[WhiteCountry "POL"]
[BlackCountry "ENG"]
[WhiteElo "1578"]
[WhiteRD "50"]
[BlackElo "1577"]
[BlackRD "47"]
[GameID "396118"]

1. d4 d5 2. c4 e6 3. e3 Be7 4. Nf3 Nf6 5. Be2 dxc4 6. Bxc4 c5 7. O-O cxd4 8. Nxd4 Bd7 9. Qb3 b6 10. Nd2 Nc6
11. Nxc6 Bxc6 12. Nf3 O-O 13. Bxe6 Bxf3 14. Bxf7+ Rxf7 15. gxf3 Qf8 16. e4 Kh8 17. Rd1 Nh5 18. Be3 Rxf3 19. Qd5 Nf4 20. Bxf4 Qxf4
21. Qxa8+ Bf8 22. Rf1 Rh3 23. Qxf8+ Qxf8 24. f4 Qc5+ 25. Kg2 Qe3 26. Rae1 Qd3 27. e5 Re3 28. Rc1 h6 29. Rcd1 Qe4+ 30. Kg1 Rf3
0-1

[Event "Year 2016"]
[Site "SchemingMind.com"]
[Date "2016.03.08"]
[Round "-"]
[White "klapa"]
[Black "emvarela"]
[Result "0-1"]
[WhiteCountry "POL"]
[BlackCountry "ARG"]
[WhiteElo "1354"]
[WhiteRD "79"]
[BlackElo "1695"]
[BlackRD "48"]
[GameID "396292"]

1. d4 Nf6 2. Nc3 d5 3. e3 e6 4. Nf3 Bb4 5. Bd2 Bxc3 6. Bxc3 O-O 7. Bd3 Nbd7 8. Ne5 Nxe5 9. dxe5 Nd7 10. O-O c5
11. b4 c4 12. Be2 b5 13. a4 bxa4 14. Rxa4 Nb6 15. Ra5 Bd7 16. Qd4 a6 17. e4 Bb5 18. exd5 Nxd5 19. Bxc4 Qe7 20. Bxb5 axb5
21. Rxb5 Rac8 22. Ba1 Rxc2 23. Bb2 Rfc8 24. Ra1 Qg5 25. h3 Nf4 26. g3 Ne2+
0-1